1372 1989 1000 1143 1302 1793 1773 1454 1124 1526 1941 1244 1685 1259 1658 1169 1339 1851 1436 1014 1874 1795 1688 1383 1044 1825 1695 1817 1276 1265 1732 1965 1593 1411 1809 1768 1233 1329 1812 1734 1621 1841 1629 1695 1734 1839 1395 1537 1618 1017 1374 1109 1349 1528 1151 1015 1821 1088 1514 1353 1745 1714 1996 1128 1199 1040 1933 1179 1589 1441 1970 1513 1313 1239 1385 1076 1785 1269 1041 1392 1544 1813 1583 1758 1700 1913 1656 1458 1026 1797 1290 1541 1664 1854 1207 1945 1679 1228 1750 BCNSPRNW ULIB Ver.6.0+V

เปลี่ยนเป็นภาษาไทย

Change to English
 แสดงรายละเอียดบรรณานุกรม
  กลับหน้าหลัก

Brief Record : Get Marc (ISO 2709) : E-mail record : QR code < ปิดหน้าต่าง
LEADER : 00000nam 2200000uu 4500
001    13399113915
003     ULIB
008    120113s2551||||th 000 0 tha d
020    ^a9789741091461
090    ^aนว.^bก831ก 2551
100 0  ^aเก้าแต้ม
245 00 ^aเกมรักกลเสน่หา/^cเก้าแต้ม
250    ^aพิมพ์ครั้งที่ 1
260    ^aกรุงเทพฯ :^bsugar beat,^c2551
300    ^a244 หน้า
945    ^p160^l0^i15410
995    ^aกัณชพร
999    ^aใช้งานได้ทุกระบบ
รายการนี้ยังไม่มีแท็ก
คุณยังไม่ได้ล็อกอิน คุณสามารถมีกิจกรรมร่วมกับเว็บไซต์ได้ แต่ต้องล็อกอินก่อน ::
  ล็อกอิน

รายการสื่อสารสนเทศ

ลำดับที่ ประเภท เลขเรียก/บาร์โค้ด สถานที่ สถานะ
1. นวนิยาย
นวนิยาย
นว. ก831ก 2551  
  Barcode: 15410
ห้องสมุดวิทยาเขตสวรรค์ประชารักษ์
►นวนิยาย
บนชั้น
  ขอยืม

รายการใกล้เคียง
    ผู้แต่ง [เก้าแต้ม]

BibComment


ยังไม่เคยถูกคอมเมนท์

คอมเมนท์ทรัพยากรรายการนี้
  คอมเมนท์: เกมรักกลเสน่หา เ..


 Copyright 2026. Bcnsprnw @Library